<?xml version="1.0" encoding="UTF-8"?>
<marc:record xmlns:marc="http://www.loc.gov/MARC21/slim">
   <marc:leader>00000nam a2200000 a 4500</marc:leader>
   <marc:datafield ind1=" " ind2=" " tag="653">
      <marc:subfield code="a">Literatur</marc:subfield>
   </marc:datafield>
   <marc:datafield ind1=" " ind2=" " tag="653">
      <marc:subfield code="a">Autor</marc:subfield>
   </marc:datafield>
   <marc:datafield ind1=" " ind2=" " tag="653">
      <marc:subfield code="a">Weltliteratur</marc:subfield>
   </marc:datafield>
   <marc:datafield ind1=" " ind2=" " tag="653">
      <marc:subfield code="a">Biografie</marc:subfield>
   </marc:datafield>
   <marc:datafield ind1="0" ind2="0" tag="245">
      <marc:subfield code="a">Bertolt Brecht</marc:subfield>
   </marc:datafield>
   <marc:datafield ind1="0" ind2="0" tag="245">
      <marc:subfield code="b">vorgestellt von Ben Becker</marc:subfield>
   </marc:datafield>
   <marc:datafield ind1=" " ind2="1" tag="264">
      <marc:subfield code="a">München</marc:subfield>
      <marc:subfield code="b">Random House Audio</marc:subfield>
      <marc:subfield code="c">2006</marc:subfield>
   </marc:datafield>
   <marc:datafield ind1="1" ind2=" " tag="490">
      <marc:subfield code="a">News Hörbuch Spuren</marc:subfield>
      <marc:subfield code="v">9</marc:subfield>
   </marc:datafield>
   <marc:datafield ind1="1" ind2=" " tag="520">
      <marc:subfield code="a">Bertolt Brecht ist einer der einflussreichsten deutschen Lyriker und Dramatiker. Er begründete das epische Theater mit Werken wie "Die Dreigroschenoper" und "Mutter Courage und ihre Kinder". Brecht schrieb auch Drehbücher für das junge Medium Film. Seine Nähe zum Kommunismus fand Ausdruck in seinem Werk und führte dazu, dass er zeitlebens - von der Weimarer Republik über das Dritte Reich bis zum US-Exil und den Konflikten mit der DDR-Kulturbürokratie - immer wieder politisch aneckte.Ben Becker, der in der Hauptrolle von Brechts Frühwerk "Baal" auf der Bühne stand, spricht "Bertolt Brecht" von Jan Knopf kenntnisreich und punktgenau.</marc:subfield>
   </marc:datafield>
   <marc:datafield ind1=" " ind2=" " tag="020">
      <marc:subfield code="a">4029758694572</marc:subfield>
      <marc:subfield code="9">4029758694572</marc:subfield>
   </marc:datafield>
   <marc:datafield ind1="0" ind2=" " tag="490">
      <marc:subfield code="v">0</marc:subfield>
   </marc:datafield>
   <marc:datafield ind1=" " ind2=" " tag="300">
      <marc:subfield code="a">2 CDs (ca. 110 Min.)</marc:subfield>
   </marc:datafield>
</marc:record>
